[Event "Aut_2. Bundesliga Ost 2005/06"]
[Site "Baden"]
[Date "2006.03.18"]
[Round "10.6"]
[White "Kirschner, Alexander"]
[Black "Wallner, Alfred"]
[Result "1-0"]
[WhiteElo "2201"]
[BlackElo "2246"]
[PlyCount "145"]
[EventDate "2005.10.08"]

1. c4 g6 2. Nc3 Bg7 3. g3 c5 4. Bg2 Nc6 5. Nf3 e5 6. a3 Nge7 7. b4 cxb4 8. axb4
Nxb4 9. Ba3 Nbc6 10. Nb5 O-O 11. Bd6 a6 12. Bc7 axb5 13. Bxd8 Rxa1 14. Qxa1 e4
15. Qc1 exf3 16. Bxf3 Rxd8 17. cxb5 Nd4 18. Bg2 d5 19. Qc5 Re8 20. e3 Ne6 21.
Qb6 Nf8 22. O-O Nd7 23. Qa7 Be5 24. Rc1 Bb8 25. Qa8 Bd6 26. d4 Nf6 27. Qa7 Kg7
28. f3 Bd7 29. Qxb7 Nf5 30. g4 Rb8 31. Qa7 Rxb5 32. gxf5 gxf5 33. Qa6 Ne8 34.
Qa2 Nf6 35. Rb1 Rxb1+ 36. Qxb1 Be6 37. Bf1 Nd7 38. Bd3 Kf6 39. Qe1 Kg7 40. Qh4
h6 41. Qd8 Bb4 42. Kf2 Bc3 43. Qc7 Bb4 44. Bc2 Bf8 45. Ba4 Nf6 46. Bc6 Kh7 47.
Bb5 Bg7 48. Bd3 Ng8 49. Ke2 Kh8 50. Qd8 Bf6 51. Qb8 Kg7 52. Qg3+ Kf8 53. Bxf5
Bxf5 54. Qd6+ Kg7 55. Qxd5 Ne7 56. Qd6 Ng6 57. Qc5 Bd7 58. Kd3 Be7 59. Qa5 Bf6
60. f4 Nf8 61. f5 Nh7 62. e4 Nf8 63. Kc4 Bg5 64. Qe5+ Kg8 65. Qg3 Kh7 66. Qf3
Be7 67. e5 Bc8 68. Qe4 Ba6+ 69. Kb3 Kg8 70. h4 Bc8 71. h5 Bd7 72. f6 Bd8 73.
Qg2+ 1-0

[Event "Aut_2. Bundesliga Ost 2005/06"]
[Site "Baden"]
[Date "2006.03.18"]
[Round "10.6"]
[White "Ponjican, Erich"]
[Black "Lovrinovic, Christian"]
[Result "1/2-1/2"]
[WhiteElo "2128"]
[BlackElo "2184"]
[PlyCount "48"]
[EventDate "2005.10.08"]

1. e4 c5 2. Nf3 d6 3. d4 cxd4 4. Nxd4 Nf6 5. Nc3 g6 6. Be3 Bg7 7. f3 O-O 8. Qd2
Nc6 9. O-O-O d5 10. exd5 Nxd5 11. Nxc6 bxc6 12. Bd4 Nxc3 13. Qxc3 Bh6+ 14. Be3
Bxe3+ 15. Qxe3 Qb6 16. Qc3 Be6 17. Bc4 Bxc4 18. Qxc4 Qe3+ 19. Kb1 Rfd8 20. Rhe1
Qf2 21. Qf1 Qc5 22. Rd3 Rxd3 23. Qxd3 Rb8 24. b3 e6 1/2-1/2

[Event "Aut_2. Bundesliga Ost 2005/06"]
[Site "Baden"]
[Date "2006.03.19"]
[Round "11.1"]
[White "Manik, Mikulas"]
[Black "Pachta, Paul"]
[Result "1-0"]
[WhiteElo "2474"]
[BlackElo "2188"]
[PlyCount "85"]
[EventDate "2005.10.08"]

1. e4 c5 2. Nf3 d6 3. d4 cxd4 4. Nxd4 Nf6 5. Nc3 g6 6. Be3 Bg7 7. f3 O-O 8. Qd2
Nc6 9. O-O-O d5 10. exd5 Nxd5 11. Nxc6 bxc6 12. Bd4 e5 13. Bc5 Re8 14. Nxd5
cxd5 15. Bb5 Be6 16. Kb1 d4 17. Bxe8 Qd5 18. Qa5 Rxe8 19. Bb4 Qc6 20. Rhe1 Bf5
21. Rc1 Rc8 22. Rxe5 Bxe5 23. Qxe5 Qc4 24. Bd2 Bxc2+ 25. Ka1 Qc5 26. Qf6 Rc6
27. Qd8+ Kg7 28. a3 Ra6 29. Rxc2 Qxc2 30. Qxd4+ f6 31. Qd7+ Kg8 32. Bh6 Rxa3+
33. bxa3 Qc3+ 34. Kb1 Qb3+ 35. Kc1 Qxa3+ 36. Kd1 Qa1+ 37. Ke2 Qb2+ 38. Kf1 Qb1+
39. Kf2 Qb2+ 40. Kg3 Qe5+ 41. f4 Qe3+ 42. Kh4 g5+ 43. fxg5 1-0

[Event "Aut_2. Bundesliga Ost 2005/06"]
[Site "Baden"]
[Date "2006.03.19"]
[Round "11.1"]
[White "Kirschner, Alexander"]
[Black "Alvir, Aco"]
[Result "1/2-1/2"]
[WhiteElo "2201"]
[BlackElo "2393"]
[PlyCount "118"]
[EventDate "2005.10.08"]

1. c4 Nf6 2. Nc3 g6 3. g3 Bg7 4. Bg2 O-O 5. d4 d6 6. Nf3 c6 7. O-O Qa5 8. h3
Be6 9. d5 cxd5 10. Nd4 Bd7 11. cxd5 Rc8 12. Nb3 Qd8 13. a4 a5 14. e4 Na6 15.
Be3 Be8 16. Bd4 Nd7 17. Bxg7 Kxg7 18. f4 Qb6+ 19. Kh2 Ndc5 20. Ra3 Nxb3 21.
Rxb3 Nb4 22. Re1 h5 23. h4 Bd7 24. f5 Rc4 25. Qf3 Qd4 26. Rf1 Qe5 27. Bh3 f6
28. fxg6 Bxh3 29. Kxh3 Rac8 30. Qe2 e6 31. dxe6 Qxe6+ 32. Rf5 R4c5 33. Qxh5 Rh8
34. Qd1 Rxf5 35. exf5 Qxf5+ 36. Qg4 Qf1+ 37. Kh2 Qf2+ 38. Kh3 Qc2 39. Qd1 Qxg6
40. Qg4 d5 41. Qd7+ Qf7 42. Qg4+ Kf8 43. Nb5 Rg8 44. Qf5 Qg6 45. Qf4 f5 46. Rf3
Kg7 47. Qxf5 Qxf5+ 48. Rxf5 Re8 49. Nc7 Re2 50. Nxd5 Nc6 51. Nc3 Rxb2 52. Rb5
Rb4 53. Rg5+ Kf7 54. h5 Rc4 55. Nb5 Rxa4 56. h6 Ra1 57. Kg2 Ra2+ 58. Kh3 Ra1
59. Kg2 Ra2+ 1/2-1/2

[Event "Aut_2. Bundesliga Ost 2005/06"]
[Site "Baden"]
[Date "2006.03.19"]
[Round "11.1"]
[White "Lipka, Juraj"]
[Black "Lovrinovic, Christian"]
[Result "1-0"]
[WhiteElo "2395"]
[BlackElo "2184"]
[PlyCount "57"]
[EventDate "2005.10.08"]

1. Nf3 Nf6 2. c4 c5 3. Nc3 Nc6 4. g3 g6 5. Bg2 Bg7 6. O-O O-O 7. d4 d6 8. d5
Na5 9. Nd2 a6 10. Qc2 Bh6 11. b3 Rb8 12. Nde4 Bg7 13. Nxf6+ exf6 14. Bd2 b5 15.
Rab1 bxc4 16. bxc4 Bf5 17. e4 Bd7 18. Rxb8 Qxb8 19. Rb1 Qc7 20. Na4 Rd8 21. Nb6
Nb7 22. Nxd7 Rxd7 23. Qa4 a5 24. Qc6 Bf8 25. Rb6 Nd8 26. Qxc7 Rxc7 27. Rb8 Be7
28. Bxa5 Rb7 29. Ra8 1-0

[Event "Aut_2. Bundesliga Ost 2005/06"]
[Site "Baden"]
[Date "2006.03.19"]
[Round "11.1"]
[White "Froschauer, Hans"]
[Black "Lucaci, Marius"]
[Result "1-0"]
[WhiteElo "2140"]
[BlackElo "2162"]
[PlyCount "51"]
[EventDate "2005.10.08"]

1. c4 Nf6 2. Nc3 c6 3. d4 d5 4. e3 Bf5 5. Nf3 e6 6. Be2 Be7 7. O-O h6 8. b3 O-O
9. a4 Bb4 10. Bb2 Nbd7 11. Na2 Bd6 12. Nc1 Re8 13. Nd3 Ne4 14. Rc1 Rc8 15. h3
Ng5 16. Nde5 Nxf3+ 17. Bxf3 Bxe5 18. dxe5 Qa5 19. Qd4 Nc5 20. Bc3 Qb6 21. a5
Qxb3 22. Qxc5 dxc4 23. e4 Bg6 24. Bb4 b5 25. axb6 axb6 26. Qxc4 1-0

[Event "Aut_2. Bundesliga Ost 2005/06"]
[Site "Baden"]
[Date "2006.03.19"]
[Round "11.2"]
[White "Froeschl, Felix"]
[Black "Schroll, Gerhard"]
[Result "1/2-1/2"]
[WhiteElo "2218"]
[BlackElo "2362"]
[PlyCount "54"]
[EventDate "2005.10.08"]

1. c4 e6 2. Nc3 b6 3. e4 Bb7 4. Nf3 c5 5. Be2 Nf6 6. O-O Nc6 7. Re1 Be7 8. Bf1
O-O 9. h3 Nd4 10. d3 Nxf3+ 11. Qxf3 a6 12. Qe2 Bc6 13. a4 d6 14. g3 Ne8 15. Bg2
Qd7 16. Be3 Bf6 17. a5 Rb8 18. Qd2 Nc7 19. f4 b5 20. Ra2 Rfd8 21. b3 bxc4 22.
bxc4 d5 23. cxd5 exd5 24. Bxc5 dxe4 25. Nxe4 Bd4+ 26. Bxd4 Qxd4+ 27. Kh2 Qxd3
1/2-1/2

[Event "Aut_2. Bundesliga Ost 2005/06"]
[Site "Baden"]
[Date "2006.03.19"]
[Round "11.2"]
[White "Todor, Razvan"]
[Black "Ponjican, Erich"]
[Result "1/2-1/2"]
[WhiteElo "2181"]
[BlackElo "2128"]
[PlyCount "93"]
[EventDate "2005.10.08"]

1. e4 Nf6 2. Nc3 d5 3. e5 Nfd7 4. Nxd5 Nxe5 5. Ne3 c5 6. b3 Nbc6 7. Bb2 a6 8.
g3 h5 9. Bg2 Nd4 10. f4 Ng4 11. h3 Nxe3 12. dxe3 Qa5+ 13. Kf2 Nc6 14. Ne2 Bd7
15. Qd5 f6 16. Rhd1 O-O-O 17. Qe4 Qc7 18. Rd2 e5 19. Rad1 f5 20. Qc4 h4 21. Nc3
hxg3+ 22. Kg1 exf4 23. Nd5 b5 24. Qf1 Qa7 25. Qxf4 Ne7 26. c4 Nxd5 27. Rxd5 Be7
28. Bxg7 Rhg8 29. Be5 Qb6 30. Qf3 Qa7 31. Kh1 Rg6 32. a3 Rh6 33. Qf4 Rh4 34.
Qf3 Rh6 35. Bxg3 Rg6 36. Qf4 Be6 37. Rxd8+ Bxd8 38. Qd6 Qb6 39. cxb5 axb5 40.
Qe5 Bc7 41. Qxc7+ Qxc7 42. Bxc7 Kxc7 43. Rc1 Kb6 44. Rc3 Rg3 45. Rd3 Kc7 46.
Rc3 Kb6 47. Rd3 1/2-1/2

[Event "Aut_2. Bundesliga Ost 2005/06"]
[Site "Baden"]
[Date "2006.03.19"]
[Round "11.2"]
[White "Petschar, Hans"]
[Black "Zielbauer, Thomas"]
[Result "1-0"]
[WhiteElo "2100"]
[BlackElo "2105"]
[PlyCount "85"]
[EventDate "2005.10.08"]

1. c4 e5 2. g3 Nf6 3. Bg2 Bc5 4. Nc3 O-O 5. e3 Nc6 6. Nge2 Re8 7. O-O Bf8 8. d4
d6 9. d5 Nb8 10. e4 Nbd7 11. h3 a5 12. g4 Nc5 13. b3 g6 14. Ng3 Bg7 15. Rb1
Nfd7 16. Be3 Qh4 17. Qd2 Qd8 18. Rfe1 b6 19. Rbc1 Ba6 20. Red1 Bf6 21. g5 Bg7
22. Nf1 f6 23. gxf6 Bxf6 24. Nh2 Rf8 25. Ng4 Bg7 26. Bg5 Qe8 27. Nh6+ Kh8 28.
Qe3 Nf6 29. Ne2 Ng8 30. Nxg8 Kxg8 31. Ng3 Bc8 32. h4 Bd7 33. Kh2 b5 34. Rg1
bxc4 35. Rxc4 Qf7 36. f3 Bb5 37. Rc3 Rfe8 38. Bh3 Bd7 39. Bxd7 Qxd7 40. h5 Reb8
41. Nf5 a4 42. Bh6 Bxh6 43. Qxh6 1-0

[Event "Aut_2. Bundesliga Ost 2005/06"]
[Site "Baden"]
[Date "2006.03.19"]
[Round "11.3"]
[White "Krpelan, Wolfgang"]
[Black "Plachetka, Jan"]
[Result "0-1"]
[WhiteElo "2266"]
[BlackElo "2439"]
[PlyCount "126"]
[EventDate "2005.10.08"]

1. d4 Nf6 2. Nf3 g6 3. c4 Bg7 4. Nc3 d5 5. Qb3 dxc4 6. Qxc4 O-O 7. e4 Bg4 8. e5
Nfd7 9. Qb3 Nc6 10. Be3 Nb6 11. Rd1 a5 12. a3 a4 13. Qa2 Na5 14. Bb5 c6 15.
Bxa4 Nxa4 16. Nxa4 Be6 17. Qb1 Bb3 18. Nc3 Bxd1 19. Qxd1 Nc4 20. Qe2 Nb6 21.
O-O Nd5 22. Ne4 Qa5 23. Nc5 b6 24. Bd2 Qa7 25. Ne4 Qa6 26. Qd1 Qd3 27. Re1 Rfd8
28. Qc1 Rac8 29. Bh6 c5 30. Bxg7 Kxg7 31. dxc5 bxc5 32. Nxc5 Qb5 33. b4 Nxb4
34. axb4 Qxb4 35. Nd3 Qb3 36. Qg5 Rxd3 37. Qxe7 Rd1 38. Qf6+ Kg8 39. Qg5 Rxe1+
40. Nxe1 Qc3 41. Qe3 Qxe3 42. fxe3 Rc5 43. Nf3 Rc2 44. Nd4 Rc5 45. Nf3 Kf8 46.
g4 Ke7 47. Kf2 h6 48. h4 Ke6 49. Kg3 Rc4 50. h5 gxh5 51. gxh5 Kf5 52. Nd4+ Kxe5
53. Kg4 Ra4 54. Kf3 Ra1 55. Ne2 Kf5 56. Nf4 Ra4 57. Nh3 Rh4 58. Nf4 Kg5 59. Ke4
Rh1 60. Ke5 Ra1 61. Ke4 Ra4+ 62. Kf3 Rxf4+ 63. exf4+ Kxh5 0-1

[Event "Aut_2. Bundesliga Ost 2005/06"]
[Site "Baden"]
[Date "2006.03.19"]
[Round "11.3"]
[White "Vokroj, Rene"]
[Black "Ranits, Franz"]
[Result "1-0"]
[WhiteElo "2303"]
[BlackElo "2260"]
[PlyCount "113"]
[EventDate "2005.10.08"]

1. Nf3 g6 2. e4 Bg7 3. d4 c6 4. Nc3 d5 5. h3 Nf6 6. e5 Ne4 7. Nxe4 dxe4 8. Ng5
c5 9. e6 Bxe6 10. Nxe6 fxe6 11. dxc5 Qxd1+ 12. Kxd1 Nc6 13. c3 O-O-O+ 14. Kc2
Ne5 15. Be3 Rd5 16. Be2 h5 17. g4 hxg4 18. hxg4 Rdd8 19. Bd4 g5 20. Rh5 Bf6 21.
Rah1 Ng6 22. Bc4 e5 23. Be3 Nf4 24. Rxh8 Rxh8 25. Rxh8+ Bxh8 26. b4 e6 27. Bf1
Bf6 28. c4 a6 29. Bc1 Kc7 30. Kd2 Kc6 31. Ke3 a5 32. a3 axb4 33. axb4 Kc7 34.
Kxe4 Kc6 35. Bb2 Ng6 36. Bd3 Kc7 37. Bc2 Kd7 38. Ba4+ Kc7 39. Be8 Nf4 40. b5
Kd8 41. b6 Nh3 42. c6 bxc6 43. Ba3 Nxf2+ 44. Kf3 e4+ 45. Ke2 Be5 46. Kxf2 Kxe8
47. Ke3 Kd7 48. Kxe4 Bf6 49. Bc5 Bg7 50. Bd4 Bf8 51. Be5 Kc8 52. Bf6 Kb7 53.
Bd4 c5 54. Bf6 Kxb6 55. Ke5 Kc6 56. Kxe6 Bd6 57. Bxg5 1-0

[Event "Aut_2. Bundesliga Ost 2005/06"]
[Site "Baden"]
[Date "2006.03.19"]
[Round "11.3"]
[White "Pfneiszl, Markus"]
[Black "Steiner, Johann"]
[Result "0-1"]
[WhiteElo "1624"]
[BlackElo "2059"]
[PlyCount "74"]
[EventDate "2005.10.08"]

1. e4 d5 2. exd5 Qxd5 3. Nc3 Qa5 4. d4 Nf6 5. Nf3 c6 6. Bd2 Bf5 7. Ne4 Qc7 8.
Ng3 Bg6 9. Ne5 e6 10. Nxg6 hxg6 11. Bd3 Bd6 12. Qf3 Nbd7 13. O-O-O O-O-O 14.
Ne4 Nxe4 15. Bxe4 Nf6 16. Bg5 Qa5 17. Bxf6 gxf6 18. Qxf6 Qxa2 19. c3 Rh5 20.
Bb1 Qd5 21. g3 Rd7 22. h4 a5 23. g4 Rh7 24. h5 Be7 25. Qe5 Bg5+ 26. Kc2 gxh5
27. Qxd5 Rxd5 28. c4 Rd8 29. Kc3 Rh6 30. Rxh5 Rxh5 31. gxh5 Bf6 32. c5 Rd5 33.
h6 Rxc5+ 34. Kb3 Rh5 35. h7 Kc7 36. Rg1 Bxd4 37. Rg8 f5 0-1

[Event "Aut_2. Bundesliga Ost 2005/06"]
[Site "Baden"]
[Date "2006.03.19"]
[Round "11.4"]
[White "Petran, Peter"]
[Black "Tibensky, Robert"]
[Result "0-1"]
[WhiteElo "2342"]
[BlackElo "2432"]
[PlyCount "62"]
[EventDate "2005.10.08"]

1. c4 Nf6 2. Nc3 e6 3. e4 c5 4. Nf3 Nc6 5. d3 Be7 6. g3 d5 7. exd5 exd5 8. Bg5
Be6 9. Be2 h6 10. Bxf6 Bxf6 11. cxd5 Bxd5 12. Nxd5 Qxd5 13. O-O O-O 14. d4 Nxd4
15. Nxd4 Bxd4 16. Bf3 Qf5 17. Kg2 Rad8 18. Qb3 b5 19. Qxb5 Rb8 20. Qa6 Rxb2 21.
Qxa7 g5 22. Qa6 g4 23. Bxg4 Qxg4 24. Qxh6 Qf5 25. Qf4 Qxf4 26. gxf4 Rc2 27.
Rab1 Rxa2 28. Kf3 Re8 29. Rg1+ Kh7 30. Rg3 Rxf2+ 31. Kg4 Rxh2 0-1

[Event "Aut_2. Bundesliga Ost 2005/06"]
[Site "Baden"]
[Date "2006.03.19"]
[Round "11.4"]
[White "Certek, Pavel"]
[Black "Meszaros, Michal"]
[Result "0-1"]
[WhiteElo "2223"]
[BlackElo "2354"]
[PlyCount "66"]
[EventDate "2005.10.08"]

1. Nf3 g6 2. e4 Bg7 3. d4 d6 4. c3 Nd7 5. Bd3 e6 6. a4 a6 7. a5 Ne7 8. Nbd2 O-O
9. Nf1 c5 10. Ng3 Nc6 11. Qa4 cxd4 12. cxd4 e5 13. d5 Nc5 14. Qd1 Nd4 15. Nxd4
exd4 16. b4 Nxd3+ 17. Qxd3 Bd7 18. Bb2 Bb5 19. Qd2 Rc8 20. f3 f5 21. exf5 Qe8+
22. Kf2 Qe3+ 23. Qxe3 dxe3+ 24. Kxe3 Bxb2 25. Rab1 Be5 26. fxg6 Rc3+ 27. Kd2
Rd3+ 28. Ke1 Bc3+ 29. Kf2 Rd2+ 30. Ke3 hxg6 31. Rhc1 Re8+ 32. Ne4 Re2+ 33. Kf4
Be5+ 0-1

[Event "Aut_2. Bundesliga Ost 2005/06"]
[Site "Baden"]
[Date "2006.03.19"]
[Round "11.4"]
[White "Salamon, Werner"]
[Black "Chulis, Alexander"]
[Result "1/2-1/2"]
[WhiteElo "2170"]
[BlackElo "2157"]
[PlyCount "22"]
[EventDate "2005.10.08"]

1. e4 e5 2. Nf3 Nc6 3. Bb5 f5 4. Bxc6 dxc6 5. Nc3 fxe4 6. Nxe4 Nf6 7. Qe2 Bg4
8. d3 Be7 9. h3 Bxf3 10. Qxf3 O-O 11. O-O Qd5 1/2-1/2

[Event "Aut_2. Bundesliga Ost 2005/06"]
[Site "Baden"]
[Date "2006.03.19"]
[Round "11.4"]
[White "Kren, Andreas"]
[Black "Wutzlhofer, Robert"]
[Result "1-0"]
[WhiteElo "2134"]
[BlackElo "2080"]
[PlyCount "103"]
[EventDate "2005.10.08"]

1. Nf3 c5 2. c3 d5 3. d4 e6 4. Bg5 Nf6 5. e3 Nbd7 6. Nbd2 Be7 7. Bd3 h6 8. Bh4
O-O 9. O-O Re8 10. Ne5 Nxe5 11. dxe5 Nd7 12. Bxe7 Qxe7 13. f4 b6 14. Qh5 Bb7
15. Rf3 c4 16. Bc2 Nc5 17. Rh3 b5 18. g4 Qf8 19. Nf3 g6 20. Qh4 Qg7 21. Nd4 a6
22. Rf1 Ne4 23. Bxe4 dxe4 24. Qxh6 Qxh6 25. Rxh6 Kg7 26. g5 Rh8 27. Rxh8 Rxh8
28. Kg2 Bd5 29. Kg3 Rb8 30. Nc2 a5 31. a3 Rb7 32. h4 Rb8 33. Rh1 Rb7 34. h5
gxh5 35. Rxh5 Bc6 36. Rh2 Bd5 37. Rh1 Rb8 38. Kg4 Bc6 39. Rh2 Bd5 40. f5 exf5+
41. Kxf5 Ba8 42. Rh6 Bd5 43. Ra6 Rh8 44. Rxa5 Rh2 45. Nd4 Rf2+ 46. Kg4 Rg2+ 47.
Kf4 Rf2+ 48. Kg3 Rxb2 49. Rxb5 Rxb5 50. Nxb5 Kf8 51. Kf4 Ke7 52. Nd6 1-0

[Event "Aut_2. Bundesliga Ost 2005/06"]
[Site "Baden"]
[Date "2006.03.19"]
[Round "11.5"]
[White "Ganaus, Hannes"]
[Black "Polak, Tomas"]
[Result "1/2-1/2"]
[WhiteElo "2320"]
[BlackElo "2499"]
[PlyCount "45"]
[EventDate "2005.10.08"]

1. d4 Nf6 2. c4 e6 3. Nc3 Bb4 4. a3 Bxc3+ 5. bxc3 c5 6. e3 Nc6 7. Bd3 b6 8. Ne2
O-O 9. e4 Ne8 10. O-O Ba6 11. f4 f5 12. exf5 exf5 13. dxc5 bxc5 14. Ng3 g6 15.
Be3 Qa5 16. Be2 Nf6 17. Qd6 Rfe8 18. Qxf6 Rxe3 19. Nxf5 gxf5 20. Qg5+ Kh8 21.
Qf6+ Kg8 22. Qg5+ Kh8 23. Qf6+ 1/2-1/2

[Event "Aut_2. Bundesliga Ost 2005/06"]
[Site "Baden"]
[Date "2006.03.19"]
[Round "11.5"]
[White "Weissenbeck, Manuel"]
[Black "Groetz, Harald"]
[Result "1/2-1/2"]
[WhiteElo "2278"]
[BlackElo "2325"]
[PlyCount "42"]
[EventDate "2005.10.08"]

1. e4 c5 2. c3 d5 3. exd5 Qxd5 4. d4 Nf6 5. Nf3 e6 6. Be3 cxd4 7. cxd4 Nc6 8.
Nc3 Qd6 9. a3 Be7 10. Bc4 O-O 11. O-O b6 12. Qe2 Bb7 13. Rad1 Na5 14. Ba2 Nd5
15. Ne4 Nf4 16. Bxf4 Qxf4 17. d5 exd5 18. Bxd5 Bxd5 19. Rxd5 Rfe8 20. g3 Qg4
21. Re1 h6 1/2-1/2

[Event "Aut_2. Bundesliga Ost 2005/06"]
[Site "Baden"]
[Date "2006.03.19"]
[Round "11.5"]
[White "Hangweyrer, Manfred"]
[Black "Hechl, Gerald"]
[Result "1/2-1/2"]
[WhiteElo "2332"]
[BlackElo "2215"]
[PlyCount "96"]
[EventDate "2005.10.08"]

1. Nf3 Nf6 2. g3 d5 3. Bg2 c6 4. c4 g6 5. O-O Bg7 6. cxd5 cxd5 7. d4 O-O 8. Ne5
Nc6 9. Nc3 Be6 10. h3 Nxe5 11. dxe5 Ne4 12. Nxe4 dxe4 13. Qa4 Bd7 14. Qb4 Bc6
15. Bg5 Re8 16. Rfd1 Qc7 17. e6 f5 18. Rac1 Qe5 19. Bxe7 Qxe6 20. Bc5 Qxa2 21.
b3 Qxe2 22. Bf1 Qb2 23. Qc4+ Kh8 24. Rc2 Qe5 25. Bd4 Qe7 26. Rcd2 Bxd4 27.
Qxd4+ Qe5 28. Qe3 a5 29. h4 a4 30. bxa4 Rxa4 31. h5 Kg7 32. Qg5 Qe7 33. h6+ Kf8
34. Qe3 Qe5 35. Rd7 Bxd7 36. Rxd7 Raa8 37. Rxh7 Re7 38. Rxe7 Qxe7 39. Qb6 Rd8
40. Qxg6 Qf7 41. Qb6 Rd1 42. Kg2 Kg8 43. Be2 Rd2 44. Bc4 Qxc4 45. Qg6+ Kf8 46.
Qg7+ Ke8 47. h7 Rxf2+ 48. Kxf2 Qc2+ 1/2-1/2

[Event "Aut_2. Bundesliga Ost 2005/06"]
[Site "Baden"]
[Date "2006.03.19"]
[Round "11.5"]
[White "Pichler, Michael"]
[Black "Schmid, Thomas"]
[Result "1-0"]
[WhiteElo "2185"]
[BlackElo "2117"]
[PlyCount "75"]
[EventDate "2005.10.08"]

1. e4 c5 2. Nc3 e6 3. Nge2 Nf6 4. h3 d5 5. exd5 exd5 6. d4 cxd4 7. Nxd4 Bb4 8.
Bb5+ Bd7 9. Qe2+ Qe7 10. Qxe7+ Kxe7 11. O-O Nc6 12. Nce2 a6 13. Bd3 Rhe8 14. c3
Bd6 15. Rd1 h6 16. Nf5+ Bxf5 17. Bxf5 Rad8 18. Be3 Kf8 19. Kf1 Bc7 20. Rac1 Ne4
21. Bf4 Bxf4 22. Nxf4 Ne7 23. Bg4 g5 24. Ne2 Nc6 25. Rc2 Re5 26. Nd4 Nxd4 27.
Rxd4 f5 28. Bd1 Rde8 29. g3 f4 30. Kg2 fxg3 31. fxg3 Kg7 32. Bf3 R8e7 33. Re2
Kf6 34. Bxe4 dxe4 35. g4 Kf7 36. Kf2 Kg6 37. Ke3 Re8 38. Rf2 1-0

[Event "Aut_2. Bundesliga Ost 2005/06"]
[Site "Baden"]
[Date "2006.03.19"]
[Round "11.5"]
[White "Schirmbeck, Hannes"]
[Black "Wandl, Werner"]
[Result "1-0"]
[WhiteElo "2120"]
[BlackElo "2130"]
[PlyCount "83"]
[EventDate "2005.10.08"]

1. e4 e6 2. Nf3 d5 3. exd5 exd5 4. d4 Bd6 5. c4 c6 6. Nc3 Nf6 7. Bg5 dxc4 8.
Bxc4 O-O 9. O-O Bg4 10. h3 Bh5 11. g4 Bg6 12. Ne5 Qc7 13. Re1 b5 14. Bb3 b4 15.
Nxg6 hxg6 16. Ne4 Nxe4 17. Rxe4 Nd7 18. Rc1 Kh7 19. Qf3 Rac8 20. Kg2 Qa5 21.
Be7 Bxe7 22. Rxe7 Qg5 23. Qe3 Qxe3 24. fxe3 Nf6 25. Bxf7 a5 26. Rf1 Nd5 27. Re5
a4 28. Be6 Rxf1 29. Kxf1 Rf8+ 30. Ke2 a3 31. bxa3 bxa3 32. Bxd5 cxd5 33. Rxd5
Rb8 34. Ra5 Rb2+ 35. Kd3 Rxa2 36. d5 Kg8 37. Ke4 Ra1 38. Ke5 a2 39. e4 Kf7 40.
d6 Rb1 41. Ra7+ Ke8 42. Rxa2 1-0

[Event "Aut_2. Bundesliga Ost 2005/06"]
[Site "Baden"]
[Date "2006.03.19"]
[Round "11.6"]
[White "Schneider-Zinner, Harald"]
[Black "Holemar, David"]
[Result "1/2-1/2"]
[WhiteElo "2365"]
[BlackElo "2287"]
[PlyCount "60"]
[EventDate "2005.10.08"]

1. d4 Nf6 2. Nf3 e6 3. c4 Nc6 4. g3 d5 5. Bg2 Bb4+ 6. Bd2 Be7 7. O-O O-O 8. Bc3
Ne4 9. Nbd2 Nxc3 10. bxc3 Na5 11. Qc2 Nxc4 12. Nxc4 dxc4 13. Ne5 c5 14. e3 Qc7
15. Nxc4 Rb8 16. Qe2 b6 17. Ne5 Bb7 18. a4 Bxg2 19. Kxg2 Bf6 20. Ng4 Be7 21.
Ra2 Qb7+ 22. Qf3 Qc7 23. Rb1 Bd6 24. e4 cxd4 25. cxd4 Qc4 26. Qe2 Qxd4 27. Rd1
Qb4 28. Rb2 Qa3 29. Ra2 Qb4 30. Rb2 Qa3 1/2-1/2

[Event "Aut_2. Bundesliga Ost 2005/06"]
[Site "Baden"]
[Date "2006.03.19"]
[Round "11.6"]
[White "Zwettler, Martin"]
[Black "Brandner, Stefan"]
[Result "1-0"]
[WhiteElo "2218"]
[BlackElo "2335"]
[PlyCount "65"]
[EventDate "2005.10.08"]

1. d4 d5 2. Nf3 Nc6 3. e3 Bg4 4. Bb5 Nf6 5. c4 e6 6. Qa4 Bxf3 7. Bxc6+ bxc6 8.
Qxc6+ Nd7 9. gxf3 Bb4+ 10. Bd2 Rb8 11. cxd5 Rb6 12. Qc4 exd5 13. Qxd5 O-O 14.
Nc3 c5 15. a3 Ba5 16. b4 cxb4 17. Na4 Rg6 18. axb4 Bc7 19. Nc5 Nxc5 20. Qxd8
Nd3+ 21. Ke2 Nf4+ 22. exf4 Rxd8 23. Rxa7 Bb6 24. Ra6 Bxd4 25. Rxg6 fxg6 26. Be3
Bc3 27. b5 Kf7 28. Rc1 Ba5 29. Ra1 Bc3 30. Ra3 Bf6 31. b6 Rb8 32. Kd3 Ke6 33.
Kc4 1-0

[Event "Aut_2. Bundesliga Ost 2005/06"]
[Site "Baden"]
[Date "2006.03.19"]
[Round "11.6"]
[White "Sulyok, Michael"]
[Black "Hangweyrer, Roman"]
[Result "1-0"]
[WhiteElo "2205"]
[BlackElo "2193"]
[PlyCount "61"]
[EventDate "2005.10.08"]

1. c4 c5 2. Nf3 Nc6 3. Nc3 g6 4. e3 Bg7 5. d4 d6 6. d5 Ne5 7. Nxe5 Bxe5 8. Bd2
e6 9. Be2 Ne7 10. O-O O-O 11. Rb1 exd5 12. cxd5 a6 13. a3 b5 14. b4 Bb7 15. e4
f5 16. f3 cxb4 17. axb4 Qb6+ 18. Kh1 fxe4 19. fxe4 Rxf1+ 20. Qxf1 Qd4 21. Qe1
Rf8 22. Bf3 Nc8 23. Ne2 Qd3 24. Ng1 Nb6 25. Rd1 Qb3 26. Bh6 Rc8 27. Bg4 Re8 28.
Qf2 Nxd5 29. Be6+ Kh8 30. Qf7 Rb8 31. Rf1 1-0

[Event "Aut_2. Bundesliga Ost 2005/06"]
[Site "Baden"]
[Date "2006.03.19"]
[Round "11.6"]
[White "Lipp, Alfred"]
[Black "Herndlbauer, Martin"]
[Result "0-1"]
[WhiteElo "2075"]
[BlackElo "2125"]
[PlyCount "74"]
[EventDate "2005.10.08"]

1. c4 c6 2. d4 d5 3. Nc3 dxc4 4. a4 e5 5. dxe5 Qxd1+ 6. Kxd1 Na6 7. Nf3 Be6 8.
Bf4 O-O-O+ 9. Ke1 Bb4 10. Ng5 Ne7 11. e4 Ng6 12. Bg3 Rd4 13. f4 Nc5 14. Bf2
Rxe4+ 15. Ngxe4 Nxe4 16. Rc1 Nxf4 17. Bxa7 c5 18. Bb6 Nd5 19. a5 Ndxc3 20. bxc3
Bxc3+ 21. Rxc3 Nxc3 22. Kd2 Na4 23. Be2 Nxb6 24. axb6 Rd8+ 25. Kc3 Rd4 26. Ra1
Kd7 27. Rb1 Kc6 28. Bf3+ Bd5 29. Bd1 Rd3+ 30. Kc2 Be4 31. Rb2 Rb3+ 32. Kc1 Rxb2
33. Kxb2 Kxb6 34. g3 Kc6 35. Kc3 b5 36. Bg4 Kd5 37. Bc8 b4+ 0-1